[Event "Moscow-ch (Women)"]
[Site "Moscow"]
[Date "2009.03.31"]
[Round "9"]
[White "Kharmunova, Nadezhda"]
[Black "Vasilkova, Svetlana"]
[Result "0-1"]
[WhiteElo "2140"]
[BlackElo "2371"]
[PlyCount "48"]
[EventDate "2009.03.23"]
[EventType "swiss"]
[EventRounds "9"]
[EventCountry "RUS"]
[SourceTitle "EXT 2010"]
[Source "ChessBase"]
[SourceDate "2010.11.25"]
[SourceVersion "1"]
[SourceVersionDate "2010.11.25"]
[SourceQuality "1"]

1. e4 c5 2. Nf3 d6 3. d4 cxd4 4. Nxd4 Nf6 5. Nc3 a6 6. g3 Bg4 7. f3 Bd7 8. Bg2 Nc6 9. 0-0 g6 10. Be3 Bg7 11. a4 0-0 12. Nb3 Ne5 13. Qe2 Be6 14. Nd2 Rc8 15. Rfe1 Nfd7 16. h3 Nb6 17. Rad1 Nbc4 18. Nxc4 Nxc4 19. Nd5 Nxe3 20. Nxe3 Bxb2 21. Rb1 Bd4 22. Rxb7 Qa5 23. Kh2 Rc3 24. Nd1 Rxc2 0-1

[Event "Moscow-ch (Women)"]
[Site "Moscow"]
[Date "2009.03.30"]
[Round "8"]
[White "Vasilkova, Svetlana"]
[Black "Golovkina, Olga"]
[Result "1/2-1/2"]
[WhiteElo "2371"]
[BlackElo "2125"]
[PlyCount "125"]
[EventDate "2009.03.23"]
[EventType "swiss"]
[EventRounds "9"]
[EventCountry "RUS"]
[SourceTitle "EXT 2010"]
[Source "ChessBase"]
[SourceDate "2010.11.25"]
[SourceVersion "1"]
[SourceVersionDate "2010.11.25"]
[SourceQuality "1"]

1. e4 e6 2. d4 d5 3. Nc3 Bb4 4. e5 c5 5. a3 Bxc3+ 6. bxc3 Qc7 7. h4 cxd4 8. cxd4 Qc3+ 9. Bd2 Qxd4 10. Nf3 Qb6 11. Bd3 Nc6 12. h5 Bd7 13. Rb1 Qc7 14. Qe2 Nge7 15. Rh4 f6 16. Bf4 f5 17. Kf1 h6 18. Rh3 g5 19. hxg6 Nxg6 20. Bh2 0-0-0 21. Qd2 Qa5 22. Qc1 d4 23. Rxh6 Ncxe5 24. Nxe5 Nxe5 25. Rxh8 Rxh8 26. Qf4 Nc6 27. Qd6 e5 28. Kg1 f4 29. Be4 Qc7 30. Qf6 Qd8 31. Qxd8+ Rxd8 32. g3 Rf8 33. gxf4 exf4 34. Rb5 a6 35. Rg5 Kc7 36. Kg2 Kd6 37. Rg6+ Be6 38. f3 Ne7 39. Rh6 b6 40. Kf2 Ke5 41. Ke2 b5 42. Kd2 Bd5 43. Rh5+ Kd6 44. Kd3 Bxe4+ 45. Kxe4 Kc6 46. Bxf4 Rd8 47. Rh6+ Kc5 48. Bg5 Ng8 49. Bxd8 Nxh6 50. Bf6 Kc4 51. Bxd4 a5 52. Bg7 Nf7 53. f4 b4 54. axb4 axb4 55. Kf5 Nd6+ 56. Ke5 Ne8 57. Bh8 Kc3 58. Ke6+ Kxc2 59. Ba1 b3 60. f5 b2 61. Bxb2 Kxb2 62. Ke7 Ng7 63. f6 1/2-1/2

[Event "Moscow-ch (Women)"]
[Site "Moscow"]
[Date "2009.03.28"]
[Round "6"]
[White "Vasilkova, Svetlana"]
[Black "Gunina, Valentina"]
[Result "0-1"]
[WhiteElo "2371"]
[BlackElo "2400"]
[PlyCount "130"]
[EventDate "2009.03.23"]
[EventType "swiss"]
[EventRounds "9"]
[EventCountry "RUS"]
[SourceTitle "EXT 2010"]
[Source "ChessBase"]
[SourceDate "2010.11.25"]
[SourceVersion "1"]
[SourceVersionDate "2010.11.25"]
[SourceQuality "1"]

1. e4 c5 2. Nf3 d6 3. d4 cxd4 4. Nxd4 Nf6 5. Nc3 a6 6. Be3 Ng4 7. Bc1 Nf6 8. f3 e5 9. Nb3 Be6 10. Be3 Be7 11. Qd2 0-0 12. 0-0-0 Nbd7 13. g4 b5 14. g5 b4 15. Ne2 Ne8 16. f4 a5 17. Kb1 a4 18. Nbc1 exf4 19. Nxf4 Bg4 20. Be2 Bxe2 21. Qxe2 Bxg5 22. Rhg1 Bxf4 23. Bxf4 Qc7 24. Nd3 b3 25. cxb3 axb3 26. a3 Ne5 27. Nb4 f6 28. Qe3 Qf7 29. Nd5 Nc7 30. Nxc7 Qxc7 31. Qxb3+ Kh8 32. Rc1 Qa7 33. Rg3 Rfb8 34. Qc2 Nf7 35. Rb3 Rxb3 36. Qxb3 h6 37. Qe6 Qb7 38. Qd5 Qxd5 39. exd5 g5 40. Bd2 f5 41. Rc7 Kg7 42. Bc3+ Kg6 43. Re7 f4 44. Re6+ Kh5 45. Rf6 Ra7 46. Kc2 Kg4 47. a4 Ne5 48. Rxd6 Nc4 49. Rd8 f3 50. Bd4 Rxa4 51. Kb3 Nxb2 52. Bf2 Re4 53. Kxb2 Re2+ 54. Kc3 Rxf2 55. d6 Ra2 56. Kd3 Ra1 57. Ke3 Re1+ 58. Kf2 Re2+ 59. Kg1 Rg2+ 60. Kh1 Rd2 61. Kg1 Rd1+ 62. Kf2 Rh1 63. h3+ Rxh3 64. Kg1 Rg3+ 65. Kh1 f2 0-1

[Event "Moscow-ch (Women)"]
[Site "Moscow"]
[Date "2009.03.25"]
[Round "3"]
[White "Kalmykova, Anastasia"]
[Black "Vasilkova, Svetlana"]
[Result "1/2-1/2"]
[WhiteElo "2100"]
[BlackElo "2371"]
[PlyCount "49"]
[EventDate "2009.03.23"]
[EventType "swiss"]
[EventRounds "9"]
[EventCountry "RUS"]
[SourceTitle "EXT 2010"]
[Source "ChessBase"]
[SourceDate "2010.11.25"]
[SourceVersion "1"]
[SourceVersionDate "2010.11.25"]
[SourceQuality "1"]

1. e4 c5 2. Nf3 d6 3. Bb5+ Nd7 4. 0-0 Ngf6 5. Re1 a6 6. Bf1 e5 7. a4 b6 8. Nc3 Be7 9. Bc4 0-0 10. d3 Bb7 11. Nd2 Re8 12. Nf1 Bf8 13. Bg5 h6 14. Bxf6 Nxf6 15. Ne3 Rb8 16. Rf1 Be7 17. f4 exf4 18. Rxf4 Rf8 19. Qf1 b5 20. axb5 axb5 21. Bxb5 Nd7 22. Nc4 Bc8 23. Ra7 Rb7 24. Ra8 Rb8 25. Ra7 1/2-1/2

[Event "Moscow op (Women)"]
[Site "Moscow"]
[Date "2009.02.08"]
[Round "9"]
[White "Vasilkova, Svetlana"]
[Black "Rjanova, Valery"]
[Result "1-0"]
[WhiteElo "2371"]
[BlackElo "2113"]
[PlyCount "93"]
[EventDate "2009.01.31"]
[EventType "swiss"]
[EventRounds "9"]
[EventCountry "RUS"]
[SourceTitle "EXT 2012"]
[Source "ChessBase"]
[SourceDate "2011.11.24"]
[SourceVersion "1"]
[SourceVersionDate "2011.11.24"]
[SourceQuality "1"]

1. e4 c5 2. Nf3 d6 3. Bb5+ Nd7 4. d4 Ngf6 5. Nc3 a6 6. Bxd7+ Nxd7 7. 0-0 e6 8. dxc5 Nxc5 9. Bg5 f6 10. Be3 Qc7 11. Nd4 b5 12. a3 Be7 13. f4 0-0 14. f5 exf5 15. Nxf5 Bxf5 16. exf5 Qc6 17. Bf4 Rac8 18. Re1 Rfe8 19. Qd2 Nd7 20. Re6 Nc5 21. Re2 Nd7 22. Nd5 Ne5 23. Rd1 Bf8 24. c3 Nc4 25. Qc2 Nb6 26. Nxb6 Qxb6+ 27. Kf1 Qc5 28. Rxe8 Rxe8 29. Qd3 a5 30. Qd5+ Kh8 31. Qxc5 dxc5 32. Rd7 Ra8 33. Ke2 Kg8 34. Kd3 b4 35. a4 Ra6 36. Kc4 Rb6 37. Ra7 bxc3 38. bxc3 Rb2 39. Rxa5 Rxg2 40. Bg3 h5 41. Ra8 Kf7 42. a5 h4 43. Bc7 Rg4+ 44. Kb5 Rg2 45. a6 Rb2+ 46. Kc6 Ra2 47. a7 1-0

[Event "Moscow op (Women)"]
[Site "Moscow"]
[Date "2009.02.05"]
[Round "6"]
[White "Kostrikina, Anna"]
[Black "Vasilkova, Svetlana"]
[Result "0-1"]
[WhiteElo "2157"]
[BlackElo "2371"]
[PlyCount "92"]
[EventDate "2009.01.31"]
[EventType "swiss"]
[EventRounds "9"]
[EventCountry "RUS"]
[SourceTitle "EXT 2012"]
[Source "ChessBase"]
[SourceDate "2011.11.24"]
[SourceVersion "1"]
[SourceVersionDate "2011.11.24"]
[SourceQuality "1"]

1. e4 c5 2. Nf3 e6 3. d4 cxd4 4. Nxd4 Nc6 5. Nc3 d6 6. Be2 Nf6 7. 0-0 Be7 8. Be3 0-0 9. f4 e5 10. Nxc6 bxc6 11. fxe5 dxe5 12. Qxd8 Rxd8 13. h3 Be6 14. Rad1 Kf8 15. Rxd8+ Bxd8 16. Bf3 Bb6 17. Kf2 Rd8 18. Rd1 Bd4 19. b3 Ke7 20. Na4 Nxe4+ 21. Bxe4 Bxe3+ 22. Ke2 Rxd1 23. Kxd1 Kd6 24. Ke2 Bb6 25. c3 f5 26. Bc2 e4 27. Nb2 Bf7 28. a4 Bh5+ 29. Kf1 Bd8 30. Nc4+ Ke6 31. g4 Bg6 32. gxf5+ Kxf5 33. b4 Kf4 34. b5 cxb5 35. axb5 Bf5 36. Kg2 Bc7 37. h4 h5 38. Nd2 Ba5 39. Nf1 Bxc3 40. Ng3 Bg4 41. Bxe4 Be1 42. Nxh5+ Bxh5 43. Bc6 Bxh4 44. Bd5 Bd8 45. Bc6 g5 46. Bd5 Bg6 0-1

[Event "Moscow op (Women)"]
[Site "Moscow"]
[Date "2009.02.01"]
[Round "2"]
[White "Kushka, Alena"]
[Black "Vasilkova, Svetlana"]
[Result "1/2-1/2"]
[WhiteElo "2124"]
[BlackElo "2371"]
[PlyCount "115"]
[EventDate "2009.01.31"]
[EventType "swiss"]
[EventRounds "9"]
[EventCountry "RUS"]
[SourceTitle "EXT 2012"]
[Source "ChessBase"]
[SourceDate "2011.11.24"]
[SourceVersion "1"]
[SourceVersionDate "2011.11.24"]
[SourceQuality "1"]

1. d4 Nf6 2. c4 e6 3. Nc3 Bb4 4. f3 c5 5. d5 d6 6. e4 Qe7 7. Nge2 0-0 8. Ng3 b5 9. Be2 bxc4 10. Bxc4 Ba6 11. Bxa6 Nxa6 12. 0-0 Bxc3 13. bxc3 exd5 14. Bg5 Qe5 15. Bxf6 Qxf6 16. Qxd5 Qxc3 17. Qxd6 Nb4 18. Rac1 Qe3+ 19. Kh1 Nd3 20. Rc2 Rfd8 21. Qe7 g6 22. f4 Re8 23. Qg5 Rab8 24. Re2 Qd4 25. e5 Qd8 26. Qh6 f5 27. Re3 Rb7 28. e6 Rg7 29. Qh3 Qd4 30. Ne2 Qb2 31. Qf3 c4 32. Qc6 Rge7 33. Qxc4 Nb4 34. Rb3 Qxa2 35. Rxb4 Qxc4 36. Rxc4 Rxe6 37. Nc3 a5 38. Kg1 Rb8 39. Rd1 Kf7 40. Rc7+ Re7 41. Rxe7+ Kxe7 42. Rd5 Rb3 43. Rd3 a4 44. Nd5+ Kd6 45. Rxb3 axb3 46. Nc3 Kc5 47. Kf2 Kc4 48. Nb1 Kd3 49. Na3 Kd2 50. h3 Kc3 51. g3 Kd2 52. Nc4+ Kd3 53. Nb2+ Kc3 54. Nd1+ Kd2 55. Nb2 Kc3 56. Nd1+ Kd2 57. Ne3 Kd3 58. Nd1 1/2-1/2

[Event "GER-RUS U20 Girls"]
[Site "Neustadt an der Weinstrasse"]
[Date "2008.08.28"]
[Round "8.4"]
[White "Endress, Anna"]
[Black "Vasilkova, Svetlana"]
[Result "0-1"]
[WhiteElo "2042"]
[BlackElo "2361"]
[PlyCount "54"]
[EventDate "2008.08.20"]
[EventType "schev"]
[EventRounds "8"]
[EventCountry "GER"]
[SourceTitle "CBM 126 Extra"]
[Source "ChessBase"]
[SourceDate "2008.11.05"]
[SourceVersion "1"]
[SourceVersionDate "2008.11.05"]
[SourceQuality "1"]

1. e4 c5 2. Nc3 d6 3. g3 Nc6 4. Bg2 g6 5. d3 Bg7 6. Be3 Nd4 7. Qd2 Qa5 8. f4 e6 9. Nf3 Ne7 10. 0-0 Nec6 11. e5 dxe5 12. fxe5 Nxe5 13. Nxe5 Bxe5 14. Bh6 f5 15. Qe3 Bd6 16. Rf2 Bd7 17. Bxb7 Rb8 18. Bg7 Rg8 19. Qh6 Rxb7 20. Ne4 Be7 21. Qxh7 Rxg7 22. Qxg7 Kd8 23. Nf6 Rxb2 24. Nxd7 Kxd7 25. Qxg6 Rxc2 26. Rxc2 Nxc2 27. Rb1 Qa6 0-1

[Event "Moscow-ch (Women)"]
[Site "Moscow"]
[Date "2008.03.26"]
[Round "7"]
[White "Vasilkova, Svetlana"]
[Black "Golovkina, Olga"]
[Result "1-0"]
[WhiteElo "2359"]
[BlackElo "2133"]
[PlyCount "93"]
[EventDate "2008.03.20"]
[EventType "swiss"]
[EventRounds "9"]
[EventCountry "RUS"]
[SourceTitle "CBM 123 Extra"]
[Source "ChessBase"]
[SourceDate "2008.05.06"]
[SourceVersion "1"]
[SourceVersionDate "2008.05.06"]
[SourceQuality "1"]

1. Nf3 Nf6 2. d4 e6 3. c4 b6 4. a3 Bb7 5. Nc3 d5 6. cxd5 Nxd5 7. Qc2 Nxc3 8. bxc3 c5 9. e4 Be7 10. Bd3 0-0 11. 0-0 Ba6 12. Rd1 cxd4 13. cxd4 Bxd3 14. Qxd3 Nd7 15. Bf4 Rc8 16. a4 a5 17. Qe2 Bb4 18. h3 Qe7 19. e5 h6 20. Rd3 Rc3 21. Rxc3 Bxc3 22. Rc1 Bb4 23. Qb5 Qd8 24. Rc6 Re8 25. Bd2 Ba3 26. Be3 Bb4 27. Nd2 Bxd2 28. Bxd2 Kh7 29. Rd6 Re7 30. Qc6 Qe8 31. Bc1 f6 32. f4 fxe5 33. fxe5 Qf7 34. Qe4+ Qg6 35. Qxg6+ Kxg6 36. Kf2 Kf5 37. Kf3 Nf8 38. g4+ Kg6 39. Rc6 Rd7 40. Ba3 Kf7 41. Ke4 Rb7 42. Bxf8 Kxf8 43. Rxe6 b5 44. axb5 Rxb5 45. Ra6 Rb3 46. d5 Rxh3 47. d6 1-0

[Event "Moscow-ch (Women)"]
[Site "Moscow"]
[Date "2008.03.23"]
[Round "4"]
[White "Zaryvkina, Anastasia"]
[Black "Vasilkova, Svetlana"]
[Result "0-1"]
[WhiteElo "2063"]
[BlackElo "2359"]
[PlyCount "142"]
[EventDate "2008.03.20"]
[EventType "swiss"]
[EventRounds "9"]
[EventCountry "RUS"]
[SourceTitle "CBM 123 Extra"]
[Source "ChessBase"]
[SourceDate "2008.05.06"]
[SourceVersion "1"]
[SourceVersionDate "2008.05.06"]
[SourceQuality "1"]

1. e4 c5 2. Nf3 d6 3. d4 cxd4 4. Nxd4 Nf6 5. Nc3 Nc6 6. Be3 e5 7. Nb3 Be7 8. f3 0-0 9. Qd2 a5 10. a4 Be6 11. 0-0-0 Nb4 12. Kb1 d5 13. exd5 Nfxd5 14. Nxd5 Bxd5 15. Nc1 Qc8 16. c3 Qf5+ 17. Bd3 Nxd3 18. Qxd3 Qxd3+ 19. Rxd3 Bc6 20. Re1 f5 21. Ka1 Bf6 22. Bc5 Rfe8 23. Bd6 e4 24. fxe4 Rxe4 25. Rxe4 fxe4 26. Re3 Bg5 27. Re1 Bd2 28. Rg1 Bxa4 29. Ne2 Bb5 30. Nd4 Bd3 31. Rd1 Bg5 32. Ne6 Bh6 33. Bf4 Bxf4 34. Nxf4 Bc2 35. Rd7 Re8 36. Rd2 Bb3 37. Re2 Kf7 38. Kb1 g5 39. Nh3 Kg6 40. Nf2 Kf5 41. Kc1 Bc4 42. Re3 Kf4 43. Nd1 Bb3 44. g3+ Kf5 45. Nf2 Bd5 46. Nd1 Bc6 47. Kc2 Ke5 48. Re1 Rf8 49. Ne3 a4 50. Nc4+ Ke6 51. Nd2 Rf2 52. Kc1 Kf5 53. h3 h5 54. Nc4 Rf3 55. Ne3+ Ke6 56. Nf1 Ke5 57. Kd1 Bd5 58. Kc1 a3 59. bxa3 Rxc3+ 60. Kb2 Rb3+ 61. Kc2 Rxa3 62. Ne3 Ra2+ 63. Kc3 Bc6 64. Nc4+ Ke6 65. Rd1 Rg2 66. Rd6+ Ke7 67. Kd4 Rxg3 68. Ke5 Rxh3 69. Rg6 e3 70. Re6+ Kd7 71. Rd6+ Kc7 0-1

[Event "Moscow-ch (Women)"]
[Site "Moscow"]
[Date "2008.03.21"]
[Round "2"]
[White "Chasovnikova, Eugenia"]
[Black "Vasilkova, Svetlana"]
[Result "1/2-1/2"]
[WhiteElo "2184"]
[BlackElo "2359"]
[PlyCount "81"]
[EventDate "2008.03.20"]
[EventType "swiss"]
[EventRounds "9"]
[EventCountry "RUS"]
[SourceTitle "CBM 123 Extra"]
[Source "ChessBase"]
[SourceDate "2008.05.06"]
[SourceVersion "1"]
[SourceVersionDate "2008.05.06"]
[SourceQuality "1"]

1. d4 Nf6 2. Nf3 e6 3. c4 b6 4. g3 Ba6 5. b3 Bb4+ 6. Bd2 Be7 7. Bg2 c6 8. 0-0 d5 9. Ne5 Nfd7 10. Qc2 Nxe5 11. dxe5 Nd7 12. f4 0-0 13. Be3 b5 14. Nd2 bxc4 15. bxc4 Nb6 16. c5 Nc4 17. Bd4 Qa5 18. Nb3 Qa4 19. Rfc1 Rab8 20. h4 Na3 21. Qd2 Qb4 22. Bc3 Qb5 23. e3 Nc4 24. Qd4 f6 25. Bf1 fxe5 26. Bxc4 dxc4 27. Qxe5 Bf6 28. Qxe6+ Kh8 29. Nd4 Qxc5 30. Rab1 Rxb1 31. Rxb1 Qh5 32. Qd6 Rg8 33. Rb8 Bc8 34. Qxc6 Qd1+ 35. Kf2 Bxd4 36. Rxc8 Qc2+ 37. Kf3 Qd1+ 38. Kf2 Qc2+ 39. Kf3 Qd1+ 40. Kf2 Qc2+ 41. Kf3 1/2-1/2

[Event "RUS-ch U20 Girls"]
[Site "St Petersburg"]
[Date "2008.03.18"]
[Round "11"]
[White "Girya, Olga"]
[Black "Vasilkova, Svetlana"]
[Result "0-1"]
[WhiteElo "2342"]
[BlackElo "2359"]
[PlyCount "84"]
[EventDate "2008.03.08"]
[EventType "tourn"]
[EventRounds "11"]
[EventCountry "RUS"]
[EventCategory "1"]
[SourceTitle "CBM 123 Extra"]
[Source "ChessBase"]
[SourceDate "2008.05.06"]
[SourceVersion "1"]
[SourceVersionDate "2008.05.06"]
[SourceQuality "1"]

1. d4 Nf6 2. c4 e6 3. Nc3 Bb4 4. Qc2 c5 5. dxc5 0-0 6. Nf3 Bxc5 7. Bg5 h6 8. Bh4 Be7 9. e3 d6 10. Be2 Nbd7 11. Nd4 a6 12. 0-0 Qc7 13. Rac1 Re8 14. Rfd1 Ne5 15. Bg3 Bd7 16. Ne4 Nxe4 17. Qxe4 f5 18. Qc2 Rf8 19. Qb3 Bf6 20. c5 d5 21. Kh1 Rac8 22. Qa3 Kh8 23. b4 Qd8 24. Qb3 Qe8 25. b5 axb5 26. Bxb5 Nc6 27. Nxc6 Bxc6 28. Bxc6 bxc6 29. Bd6 Be7 30. Be5 Qd7 31. Rd4 Bf6 32. Bxf6 Rxf6 33. Rb4 e5 34. Rb7 Qe6 35. a4 f4 36. exf4 exf4 37. Qc3 Re8 38. a5 d4 39. Qb4 f3 40. gxf3 Qf5 41. Qb3 d3 42. Qd1 Re1+ 0-1

[Event "RUS-ch U20 Girls"]
[Site "St Petersburg"]
[Date "2008.03.16"]
[Round "9"]
[White "Ivakhinova, Inna"]
[Black "Vasilkova, Svetlana"]
[Result "1-0"]
[WhiteElo "2250"]
[BlackElo "2359"]
[PlyCount "61"]
[EventDate "2008.03.08"]
[EventType "tourn"]
[EventRounds "11"]
[EventCountry "RUS"]
[EventCategory "1"]
[SourceTitle "CBM 123 Extra"]
[Source "ChessBase"]
[SourceDate "2008.05.06"]
[SourceVersion "1"]
[SourceVersionDate "2008.05.06"]
[SourceQuality "1"]

1. d4 d5 2. c4 c6 3. Nc3 Nf6 4. e3 a6 5. Qc2 b5 6. b3 Bg4 7. Nge2 Nbd7 8. h3 Bh5 9. Nf4 Bg6 10. Nxg6 hxg6 11. Bd3 e5 12. dxe5 Nxe5 13. Be2 Bd6 14. 0-0 g5 15. f4 gxf4 16. exf4 Ng6 17. cxd5 Qb6+ 18. Kh1 cxd5 19. Bf3 Qc5 20. Qd3 Rd8 21. Nxd5 Be7 22. Nxf6+ Bxf6 23. Qe2+ Kf8 24. Be3 Qf5 25. Bg4 Qd5 26. Rad1 Qa8 27. Rxd8+ Qxd8 28. Rc1 Ne7 29. Rd1 Qa5 30. b4 Qc7 31. Rd7 1-0

[Event "RUS-ch U20 Girls"]
[Site "St Petersburg"]
[Date "2008.03.13"]
[Round "6"]
[White "Vasilkova, Svetlana"]
[Black "Bodnaruk, Anastasia"]
[Result "1-0"]
[WhiteElo "2359"]
[BlackElo "2317"]
[PlyCount "117"]
[EventDate "2008.03.08"]
[EventType "tourn"]
[EventRounds "11"]
[EventCountry "RUS"]
[EventCategory "1"]
[SourceTitle "CBM 123 Extra"]
[Source "ChessBase"]
[SourceDate "2008.05.06"]
[SourceVersion "1"]
[SourceVersionDate "2008.05.06"]
[SourceQuality "1"]

1. Nf3 Nf6 2. g3 g6 3. Bg2 Bg7 4. 0-0 0-0 5. d4 d6 6. Nbd2 Nbd7 7. e4 e5 8. dxe5 dxe5 9. b3 Re8 10. Bb2 b6 11. Nc4 Ba6 12. Nfd2 Qe7 13. a4 h5 14. a5 Bh6 15. Re1 Red8 16. Ne3 c6 17. Qc1 Qe6 18. Bc3 Ne8 19. h4 Nd6 20. Kh2 Nf6 21. f3 Qe7 22. Qb2 Nd7 23. Bb4 Bxe3 24. Rxe3 c5 25. Bc3 b5 26. b4 Rab8 27. bxc5 Nc4 28. Nxc4 bxc4 29. Qa3 Nxc5 30. Ree1 Qc7 31. Rad1 Ne6 32. Qa1 f6 33. Rxd8+ Rxd8 34. Rd1 Kf7 35. Rxd8 Qxd8 36. Qc1 Kg7 37. Qe3 Qc7 38. Bd2 Kg8 39. Bc3 Kg7 40. Bh3 Nd8 41. f4 Nf7 42. Be6 exf4 43. gxf4 Bc8 44. Bxc8 Qxc8 45. e5 fxe5 46. fxe5 Qb8 47. Kg2 Kh7 48. e6 Nh6 49. e7 Qe8 50. Qe5 Nf5 51. Kg1 a6 52. Qf6 Qg8 53. Qf8 Nd6 54. Be5 Ne8 55. Kf2 c3 56. Ke1 g5 57. hxg5 Qxg5 58. Qf7+ Ng7 59. Qxg7+ 1-0

[Event "Moscow op-C 04th (Women)"]
[Site "Moscow"]
[Date "2008.02.08"]
[Round "7"]
[White "Vasilkova, Svetlana"]
[Black "Krush, Irina"]
[Result "1/2-1/2"]
[WhiteElo "2359"]
[BlackElo "2473"]
[PlyCount "106"]
[EventDate "2008.02.02"]
[EventType "swiss"]
[EventRounds "9"]
[EventCountry "RUS"]
[SourceTitle "CBM 122 Extra"]
[Source "ChessBase"]
[SourceDate "2008.03.04"]
[SourceVersion "1"]
[SourceVersionDate "2008.03.04"]
[SourceQuality "1"]

1. e4 c5 2. Nf3 d6 3. d4 cxd4 4. Nxd4 Nf6 5. Nc3 Nc6 6. Bc4 Bd7 7. 0-0 e6 8. Kh1 Be7 9. f4 0-0 10. f5 Nxd4 11. Qxd4 Kh8 12. Bg5 Ng4 13. Bxe7 Qxe7 14. h3 Ne5 15. Be2 Rfd8 16. Rad1 Bc6 17. b4 b6 18. a4 Rac8 19. Ba6 Rc7 20. Rf2 Ba8 21. Bf1 Nc6 22. Qd2 Nxb4 23. e5 d5 24. f6 gxf6 25. exf6 Qf8 26. Rf4 a5 27. Rg4 d4 28. Rg7 Rxc3 29. Bd3 Nxd3 30. cxd3 Qxg7 31. fxg7+ Kg8 32. Qg5 Rdc8 33. Rd2 Bd5 34. h4 b5 35. axb5 a4 36. b6 a3 37. Qe7 a2 38. Rxa2 Bxa2 39. b7 Bd5 40. bxc8Q+ Rxc8 41. h5 h6 42. Qf6 Rc1+ 43. Kh2 Rc2 44. Qxh6 Rxg2+ 45. Kh3 Rxg7 46. Qf4 f5 47. Qxd4 Kh7 48. Qf6 Bg2+ 49. Kh2 Bd5 50. Kh3 Bg2+ 51. Kh2 Bd5 52. Kh3 Bg2+ 53. Kh2 Bd5 1/2-1/2

[Event "Moscow op-C 04th (Women)"]
[Site "Moscow"]
[Date "2008.02.06"]
[Round "5"]
[White "Vasilkova, Svetlana"]
[Black "Severiukhina, Zoja"]
[Result "1-0"]
[WhiteElo "2359"]
[BlackElo "2199"]
[PlyCount "109"]
[EventDate "2008.02.02"]
[EventType "swiss"]
[EventRounds "9"]
[EventCountry "RUS"]
[SourceTitle "CBM 122 Extra"]
[Source "ChessBase"]
[SourceDate "2008.03.04"]
[SourceVersion "1"]
[SourceVersionDate "2008.03.04"]
[SourceQuality "1"]

1. e4 e6 2. d4 d5 3. Nc3 Nf6 4. Bg5 Bb4 5. e5 h6 6. Bd2 Bxc3 7. bxc3 Ne4 8. Qg4 Kf8 9. Bd3 Nxd2 10. Kxd2 c5 11. Nf3 c4 12. Be2 Nc6 13. h4 b5 14. a3 a5 15. h5 Rb8 16. Qf4 Ke7 17. g4 Qf8 18. g5 Kd7 19. gxh6 gxh6 20. Qe3 Kc7 21. Nh2 Bd7 22. Ng4 Rb7 23. Rhb1 Ne7 24. Nf6 Qb8 25. Bg4 Bc6 26. Bh3 Nc8 27. f4 b4 28. axb4 axb4 29. cxb4 Rxb4 30. Rxb4 Qxb4+ 31. Qc3 Qxc3+ 32. Kxc3 Ne7 33. Kd2 Bb7 34. Ke3 Rb8 35. Kd2 Nc6 36. Kc3 Ne7 37. Rg1 Ra8 38. Kb2 c3+ 39. Kb3 Nc6 40. Rg7 Nxd4+ 41. Kxc3 Ne2+ 42. Kd2 Nxf4 43. Rxf7+ Kc6 44. Bg4 Ra4 45. Rh7 Ba6 46. Rxh6 Kc5 47. Nd7+ Kb4 48. Bxe6 Ra1 49. Bf5 d4 50. Rd6 Nxh5 51. Rxd4+ Ka5 52. Nc5 Rg1 53. Bd7 Rg2+ 54. Kc3 Rg3+ 55. Kb2 1-0

[Event "Moscow op-C 04th (Women)"]
[Site "Moscow"]
[Date "2008.02.04"]
[Round "3"]
[White "Vasilkova, Svetlana"]
[Black "Muzychuk, Anna"]
[Result "1/2-1/2"]
[WhiteElo "2359"]
[BlackElo "2460"]
[PlyCount "96"]
[EventDate "2008.02.02"]
[EventType "swiss"]
[EventRounds "9"]
[EventCountry "RUS"]
[SourceTitle "CBM 122 Extra"]
[Source "ChessBase"]
[SourceDate "2008.03.04"]
[SourceVersion "1"]
[SourceVersionDate "2008.03.04"]
[SourceQuality "1"]

1. e4 c5 2. Nf3 Nc6 3. Nc3 Nf6 4. Bb5 Qc7 5. 0-0 Nd4 6. Bc4 e6 7. h3 Be7 8. Re1 d6 9. d3 0-0 10. Nxd4 cxd4 11. Nb5 Qb6 12. c3 dxc3 13. Nxc3 Bd7 14. d4 Rac8 15. Bb3 Bb5 16. Nxb5 Qxb5 17. d5 e5 18. Bd2 Bd8 19. a4 Qd3 20. Bb4 Qxd1 21. Raxd1 Bc7 22. a5 a6 23. Kf1 Rfd8 24. Rc1 Bb8 25. Rc4 Rxc4 26. Bxc4 Kf8 27. g3 Ke7 28. f4 Nd7 29. Be2 Rc8 30. Bc3 Rc5 31. Ra1 Ba7 32. Ra4 Rc7 33. Rc4 Rxc4 34. Bxc4 exf4 35. gxf4 Be3 36. f5 Bf4 37. b4 Be5 38. Bd2 Bd4 39. Kg2 Ne5 40. Be2 g6 41. fxg6 fxg6 42. b5 axb5 43. Bxb5 Kf6 44. Bb4 Bc5 45. Bc3 Ke7 46. Bxe5 dxe5 47. a6 bxa6 48. Bxa6 Kd7 1/2-1/2

[Event "EU-ch (Women) 8th"]
[Site "Dresden"]
[Date "2007.04.12"]
[Round "9"]
[White "Karlovich, Anastazia"]
[Black "Vasilkova, Svetlana"]
[Result "0-1"]
[WhiteElo "2265"]
[BlackElo "2336"]
[PlyCount "62"]
[EventDate "2007.04.03"]
[EventType "swiss"]
[EventRounds "11"]
[EventCountry "GER"]
[SourceTitle "CBM 117 Extra"]
[Source "ChessBase"]
[SourceDate "2007.05.09"]
[SourceVersion "1"]
[SourceVersionDate "2007.05.09"]
[SourceQuality "1"]

1. e4 c5 2. Nf3 d6 3. Bc4 Nc6 4. c3 Nf6 5. d3 g6 6. 0-0 Bg7 7. a4 0-0 8. Ba2 a6 9. Re1 Rb8 10. d4 cxd4 11. Nxd4 Bd7 12. Na3 Qc7 13. f3 e5 14. Ndc2 b5 15. axb5 axb5 16. Be3 Be6 17. Bxe6 fxe6 18. Qd3 d5 19. Nxb5 Qb7 20. Na7 Nxa7 21. Rxa7 Qxb2 22. Nb4 Rfc8 23. Na2 d4 24. Bg5 dxc3 25. Bxf6 Qb6+ 26. Qe3 Bxf6 27. Qxb6 Rxb6 28. Nxc3 Rxc3 29. Rd1 Rcb3 30. h4 Bxh4 31. Rad7 Bf2+ 0-1